| 000 | 01155cam a22003377a 4500 | ||
|---|---|---|---|
| 003 | CHAP | ||
| 005 | 20220329142320.0 | ||
| 008 | 000614d1963 es a r 00110 esp d | ||
| 010 | _a81545 | ||
| 011 | _a82517 | ||
| 035 | _a93015 | ||
| 040 | _cCHAP | ||
| 082 | 0 | 4 |
_a631.1 _bS88Y |
| 100 | 0 | 0 |
_aSturrock, F. G. _9110105 |
| 245 | 1 | 0 |
_aEmpresa agropecuaria : _bracionalización y productividad _c/por F. G. Sturrock |
| 260 |
_aZaragoza, España : _bAcribia, _c1963. |
||
| 300 |
_a262 p. : _bilus. |
||
| 490 | 0 | _aManuales de técnica agropecuaria | |
| 590 |
_aBATCH-UPD _b10 _c20130110 _lUCH01 _h0603 |
||
| 590 |
_aBATCH-UPD _b10 _c20130410 _lUCH01 _h0245 |
||
| 590 |
_aBATCH-UPD _b10 _c20130914 _lUCH01 _h1304 |
||
| 590 |
_aCONVERSION _b10 _c20130109 _lUCH01 _h1345 |
||
| 650 | 1 | 4 |
_aEmpresas agropecuarias. _936649 |
| 650 | 1 | 4 |
_aGranjas _xAdministración. _950388 |
| 830 | 0 |
_aManuales de técnica agropecuaria _970676 |
|
| 901 | _aBK | ||
| 905 | _aBlanca M. García O. | ||
| 942 | _cLIBRO | ||
| 949 |
_a631.1 S88Y _bBC _cLIBRO _d33724000831426 _eLIBRO _h20499 _i93015 _sb |
||
| 949 |
_a631.1 S88Y _bBC _cLIBRO _d33724000873113 _eLIBRO _fc.2 _gDonaciØn _h103736 _i93015 _st |
||
| 999 |
_c81545 _d81545 |
||